LEADER 00928nam2-22003011i-450 001 990005631300403321 005 20221117115425.0 035 $a000563130 035 $aFED01000563130 035 $a(Aleph)000563130FED01 035 $a000563130 100 $a19990604d1968----km-y0itay50------ba 101 0 $aita 105 $ayf------00--- 200 1 $a"Me Pinxit" e quesiti caravaggeschi$a1928-1934$fdi Roberto Longhi 210 $aFirenze$cSansoni$d1968 215 $a558 p.,$c260 tav.$d27 cm 461 0$1001000840534$12001$aEdizione delle opere complete di Roberto Longhi 676 $a701.1$v21$zita 700 1$aLonghi,$bRoberto$f<1890-1970>$036305 801 0$aIT$bUNINA$gRICA$2UNIMARC 901 $aBK 912 $a990005631300403321 952 $a701.18 LONR 01 (4)$bST. ARTE 7727$fFLFBC 959 $aFLFBC 996 $a1928-1934$9605217 996 $aMe pinxit e quesiti caravaggeschi$9252898 997 $aUNINA LEADER 01886oam 2200481M 450 001 9910716380003321 005 20200213070548.3 035 $a(CKB)5470000002520332 035 $a(OCoLC)1065872399 035 $a(OCoLC)995470000002520332 035 $a(EXLCZ)995470000002520332 100 $a20071213d1926 ua 0 101 0 $aeng 135 $aurcn||||||||| 181 $ctxt$2rdacontent 182 $cc$2rdamedia 183 $acr$2rdacarrier 200 10$aProviding for transfer of jurisdiction over the Conduit Road in the District of Columbia. April 5 (calendar day, April 16), 1926. -- Ordered to be printed 210 1$a[Washington, D.C.] :$c[U.S. Government Printing Office],$d1926. 215 $a1 online resource (3 pages) 225 1 $aSenate report / 69th Congress, 1st session. Senate ;$vno. 602 225 1 $a[United States congressional serial set ] ;$v[serial no. 8525] 300 $aBatch processed record: Metadata reviewed, not verified. Some fields updated by batch processes. 300 $aFDLP item number not assigned. 517 $aProviding for transfer of jurisdiction over the Conduit Road in the District of Columbia. April 5 606 $aAdministrative law 606 $aLand titles$xRegistration and transfer 606 $aRoads 608 $aLegislative materials.$2lcgft 615 0$aAdministrative law. 615 0$aLand titles$xRegistration and transfer. 615 0$aRoads. 701 $aCapper$b Arthur$f1865-1951$pRepublican (KS)$01386839 801 0$bWYU 801 1$bWYU 801 2$bOCLCO 801 2$bOCLCQ 801 2$bOCLCO 801 2$bOCLCQ 906 $aBOOK 912 $a9910716380003321 996 $aProviding for transfer of jurisdiction over the Conduit Road in the District of Columbia. April 5 (calendar day, April 16), 1926. -- Ordered to be printed$93492271 997 $aUNINA